000 00333 a2200145 4500
001 152173
040 _cEscola São Tomás de Aquino
100 _aBRAZ, Júlio Emílio
240 1 0 _aCinderela
_lpor
245 1 0 _aCinderela
300 _a34
362 0 _a2003
697 _aContos de Fadas e Clássicos da Literatura
942 _cBK
999 _c152173
_d152173